| 000 | 00841nam a22002057a 4500 | ||
|---|---|---|---|
| 999 |
_c1499 _d1499 |
||
| 003 | AR-CdUCM | ||
| 008 | 190227b ||||| |||| 00| 0 spa d | ||
| 040 |
_aMUNICIPALIDAD PROVINCIAL DEL CUSCO _cBIBLIOTECA MUNICIPAL DEL CUSCO |
||
| 082 |
_a355.02 / _bN12 |
||
| 100 |
_aWaldheim, Kurt _95680 |
||
| 110 |
_aNaciones Unidas _95681 |
||
| 245 | _aLas consecuencias económicas y sociales de la carrera de armamentos y de los gastos militares / | ||
| 260 |
_aNueva York : _bNaciones Unidas , _c1978. |
||
| 300 |
_a101 páginas ; _c22 cm. |
||
| 505 | _aLa dinámica de la carrera de armamentos -- Los recursos que exige la carrera de alimentos -- La carrera de armamentos y desarrollo económico social... | ||
| 650 |
_aNaciones unidas. _95682 |
||
| 650 |
_aConsecuencias de armamentos. _95683 |
||
| 942 |
_2ddc _cLIBROS |
||
| 945 |
_awfj _d2019-02-27 |
||